The Dynamics of social change in Latin America (Record no. 9012)
[ view plain ]
| 000 -LEADER | |
|---|---|
| fixed length control field | 00687nam a22002297a 4500 |
| 003 - CONTROL NUMBER IDENTIFIER | |
| control field | OSt |
| 005 - DATE AND TIME OF LATEST TRANSACTION | |
| control field | 20240628112036.0 |
| 008 - FIXED-LENGTH DATA ELEMENTS--GENERAL INFORMATION | |
| fixed length control field | 240628b |||||||| |||| 00| 0 eng d |
| 020 ## - INTERNATIONAL STANDARD BOOK NUMBER | |
| International Standard Book Number | 0333749375 |
| 040 ## - CATALOGING SOURCE | |
| Transcribing agency | MUST |
| 082 ## - DEWEY DECIMAL CLASSIFICATION NUMBER | |
| Classification number | 303.409 VEL 2000 |
| 100 ## - MAIN ENTRY--PERSONAL NAME | |
| Personal name | Veltmeyer, Henry |
| 9 (RLIN) | 7775 |
| 245 ## - TITLE STATEMENT | |
| Title | The Dynamics of social change in Latin America |
| 260 ## - PUBLICATION, DISTRIBUTION, ETC. (IMPRINT) | |
| Place of publication, distribution, etc. | New york |
| Name of publisher, distributor, etc. | : Palgrave |
| Date of publication, distribution, etc. | , C 2000 |
| 300 ## - PHYSICAL DESCRIPTION | |
| Extent | xi, 210p |
| Dimensions | ; 22cm |
| 504 ## - BIBLIOGRAPHY, ETC. NOTE | |
| Bibliography, etc | includes index<br/>Bibliography |
| 650 ## - SUBJECT ADDED ENTRY--TOPICAL TERM | |
| Topical term or geographic name as entry element | Social change- Latin America |
| 9 (RLIN) | 18319 |
| 650 ## - SUBJECT ADDED ENTRY--TOPICAL TERM | |
| Topical term or geographic name as entry element | Latin America - Economic conditions-1982 |
| 9 (RLIN) | 18320 |
| 650 ## - SUBJECT ADDED ENTRY--TOPICAL TERM | |
| Topical term or geographic name as entry element | Free enterprise -Latin |
| 9 (RLIN) | 18321 |
| 700 ## - ADDED ENTRY--PERSONAL NAME | |
| Personal name | James, petras |
| 9 (RLIN) | 18322 |
| 942 ## - ADDED ENTRY ELEMENTS (KOHA) | |
| Source of classification or shelving scheme | Dewey Decimal Classification |
| Koha item type | Open Shelf |
| Withdrawn status | Lost status | Source of classification or shelving scheme | Damaged status | Not for loan | Home library | Current library | Date acquired | Source of acquisition | Inventory number | Total Checkouts | Full call number | Barcode | Date last seen | Price effective from | Koha item type |
|---|---|---|---|---|---|---|---|---|---|---|---|---|---|---|---|
| Dewey Decimal Classification | MUST Main Library | MUST Main Library | 28/06/2024 | Purchase | 03/18949 | 303.409 VEL 2000 | 2024-21597 | 28/06/2024 | 28/06/2024 | Open Shelf | |||||
| Dewey Decimal Classification | MUST Main Library | MUST Main Library | 28/06/2024 | Purchase | 03/18950 | 303.409 VEL 2000 | 2024-21598 | 28/06/2024 | 28/06/2024 | Open Shelf |
